Zvláštne voľné zóny a možnosti ich využitia v Slovenskej republike
Voľné hospodárske zóny ako prostriedok urýchlenia hospodárskeho i zahraničnoobchodného rozvoja. Podmienky fungovania zvláštnych voľných zón. Klasifikácia voľných zón. Predpoklady Slovenska na vytvorenie voľnej obchodnej zóny. Možnosti využitia postavenia Bratislavy.
Enregistré dans:
| Auteur principal: | |
|---|---|
| Format: | Chapitre de livre |
| Langue: | slovaque |
| Sujets: | |
| Tags: |
Pas de tags, Soyez le premier à ajouter un tag!
|
MARC
| LEADER | 00000naa a2200000 4500 | ||
|---|---|---|---|
| 001 | r021912 | ||
| 005 | 20230517141426.3 | ||
| 041 | 0 | |a slo | |
| 044 | |a SK | ||
| 245 | 1 | 0 | |a Zvláštne voľné zóny a možnosti ich využitia v Slovenskej republike |c P. Baláž |
| 520 | |a Voľné hospodárske zóny ako prostriedok urýchlenia hospodárskeho i zahraničnoobchodného rozvoja. Podmienky fungovania zvláštnych voľných zón. Klasifikácia voľných zón. Predpoklady Slovenska na vytvorenie voľnej obchodnej zóny. Možnosti využitia postavenia Bratislavy. | ||
| 610 | 2 | 0 | |a hospodárstvo národné |
| 610 | 2 | 0 | |a Slovensko |
| 610 | 2 | 0 | |a transformácia |
| 610 | 2 | 0 | |a zóny hospodárske zvláštne |
| 610 | 2 | 0 | |a oblasti obchodu voľného |
| 610 | 2 | 0 | |a Bratislava |
| 610 | 2 | 0 | |a zóny |
| 610 | 2 | 0 | |a CEFTA |
| 610 | 2 | 0 | |a Európska únia |
| 610 | 2 | 0 | |a obchod zahraničný |
| 100 | 1 | |a Baláž, Peter | |